| 000 | 00393nam a2200133Ia 4500 | ||
|---|---|---|---|
| 008 | 220217s9999 xx 000 0 und d | ||
| 100 | _aLekha, T.B. | ||
| 245 | 0 | _aFactors affecting fatty acid soap catalysed acid coagulation of fresh field latex | |
| 260 |
_bMahatma Gandhi University _a Kottayam _c1997 |
||
| 300 | _a51 | ||
| 500 | _aCourse: M.Sc. | ||
| 700 | _aDr Rosamma Alex | ||
| 942 | _cTS | ||
| 999 |
_c74420 _d74420 |
||